Les autoroutes française à 1 chiffre - Carte Quiz - Statistiques

Statistiques générales
  • Ce quiz a été pris 1 158 fois
  • Le résultat moyen est 5 sur 9
Réponses sur la Carte
Les réponses sont colorées sur une échelle allant du rouge au vert en fonction du pourcentage des utilisateurs qui les ont devinées à leur premier essai. Vous pouvez retrouver ces pourcentages ci-dessous.
 
Statistiques - réponses
Réponse % Correct
A1
81%
A6
69%
A7
67%
A4
55%
A9
53%
A2
49%
A8
48%
A5
43%
A3
40%
Aucun quiz correspondant
Distribution des résultats
% des personnes avec chaque résultat
Percentile par nombre de réponses
Votre historique - résultats
Vous n’avez pas pris ce quiz